| 000 | 00650nam a2200205 a 4500 | ||
|---|---|---|---|
| 005 | 20250606063822.0 | ||
| 008 | 040607s1980 mx r 000 0 spa d | ||
| 020 | _a8427703899 | ||
| 035 | _aUPN01000133627 | ||
| 049 | _aCG | ||
| 050 | 4 |
_aLB1028 _bR4.8 |
|
| 100 | 1 | _aReboul, Elie | |
| 245 | 1 | 0 |
_aAprender a usar las fuentes de información : _btécnicas para la escuela / _cElie Reboul ; tr. de Ma. Cruz de la Torre. |
| 260 |
_aMadrid : _bNarcea, _cc1980. |
||
| 300 | _a118 p. | ||
| 440 | 0 | _aEducación hoy | |
| 534 |
_pTítulo original: _tInformation et pédagogie |
||
| 650 | 4 |
_aEducación _xServicios de información _918126 |
|
| 905 | _aLibro | ||
| 999 |
_c105778 _d105778 |
||